000 00642nam a2200241Ia 4500
003 OSt
005 20220924131752.0
006 a|||||r|||| 00| 0
007 ta
008 220923b |||||||| |||| 00| 0 tel d
020 _c12.00
024 _a336950
037 _cTextual
040 _aARTS
_cARTS
_btel
041 _2tel
_atel
082 _a035,3NSY,3, L7
100 _aSyamala Rani A. Au.
_9202829
245 0 _aJai mangalaa
260 _aVijayawa
_bNavajyothi publications
_c1977
650 _aTELUGU FICTION
942 _h035,3NSY,3, L7
_cTEXL
_2CC
999 _c428144
_d428144